000 00858nam a2200217 i 4500
001 128986
003 ES-MaACL
005 20251123112510.0
007 t|
008 070601s1929 sp ||||1| spa d
245 0 0 _aTeatro revolucionario ruso /
_cprólogo y traducción por Cristóbal de Castro.
260 _aMadrid :
_b[Juan Pueyo],
_c1929.
300 _a264 p. ;
_c20 cm.
505 8 _aContiene: Fuera de la ley. Farsa trágica en cuatro actos por Leon Lunst.-- La moneda falsa. Tragedia grotesca en tres actos por Máximo Gorki.-- El que recibe las bofetadas / por Leonidas Andreief
700 1 _aCastro, Cristóbal de,
_d1874-1953
_936843
700 1 _aGor'kiï, Maksim.
_959128
700 1 _aLunst, Leon.
_974795
700 1 _aAndreev, Leonid Nikolaevich,
_d1871-1919
_9242530
852 _aES-MaACL
_jB-3040
999 _c128986
_d128986